Rock slope engineering : (Record no. 535551)

000 -LEADER
fixed length control field 00985cam a22003378i 4500
001 - CONTROL NUMBER
control field 19544017
003 - CONTROL NUMBER IDENTIFIER
control field NUST
005 - DATE AND TIME OF LATEST TRANSACTION
control field 20200916143654.0
008 - FIXED-LENGTH DATA ELEMENTS--GENERAL INFORMATION
fixed length control field 170308s2017 flu 000 0 eng
010 ## - LIBRARY OF CONGRESS CONTROL NUMBER
LC control number 2017011060
020 ## - INTERNATIONAL STANDARD BOOK NUMBER
International Standard Book Number 9781498786270 (pbk.)
020 ## - INTERNATIONAL STANDARD BOOK NUMBER
Canceled/invalid ISBN 9781498786287 (e-book)
038 ## - RECORD CONTENT LICENSOR
Staff Name MSOHAIL
040 ## - CATALOGING SOURCE
Original cataloging agency DLC
Language of cataloging eng
Description conventions rda
Transcribing agency DLC
042 ## - AUTHENTICATION CODE
Authentication code pcc
050 00 - LIBRARY OF CONGRESS CALL NUMBER
Classification number TA706
Item number .W98 2017
082 00 - DEWEY DECIMAL CLASSIFICATION NUMBER
Classification number 624.15132
Edition number 23
Author Mark WYL
100 1# - MAIN ENTRY--PERSONAL NAME
Personal name Wyllie, Duncan C.,
Relator term author.
9 (RLIN) 30179
245 10 - TITLE STATEMENT
Title Rock slope engineering :
Remainder of title civil applications /
Statement of responsibility, etc. Duncan Wyllie.
250 ## - EDITION STATEMENT
Edition statement Fifth edition.
263 ## - PROJECTED PUBLICATION DATE
Projected publication date 1708
264 #1 - PRODUCTION, PUBLICATION, DISTRIBUTION, MANUFACTURE, AND COPYRIGHT NOTICE
Place of production, publication, distribution, manufacture Boca Raton :
Name of producer, publisher, distributor, manufacturer Taylor & Francis, CRC Press,
Date of production, publication, distribution, manufacture, or copyright notice 2017.
300 ## - PHYSICAL DESCRIPTION
Extent pages cm
336 ## - CONTENT TYPE
Content type term text
Content type code txt
Source rdacontent
337 ## - MEDIA TYPE
Media type term unmediated
Media type code n
Source rdamedia
338 ## - CARRIER TYPE
Carrier type term volume
Carrier type code nc
Source rdacarrier
650 #0 - SUBJECT ADDED ENTRY--TOPICAL TERM
Topical term or geographic name entry element Rock slopes.
9 (RLIN) 30180
906 ## - LOCAL DATA ELEMENT F, LDF (RLIN)
a 7
b cbc
c orignew
d 1
e ecip
f 20
g y-gencatlg
942 ## - ADDED ENTRY ELEMENTS (KOHA)
Source of classification or shelving scheme
Koha item type Book
Holdings
Withdrawn status Lost status Source of classification or shelving scheme Damaged status Not for loan Permanent Location Current Location Date acquired Total Checkouts Full call number Barcode Date last seen Price effective from Koha item type
          School of Civil and Environmental Engineering (SCEE) School of Civil and Environmental Engineering (SCEE) 09/16/2020   624.15132 WYL NIT-13246 09/16/2020 09/16/2020 Book
© 2023 Central Library, National University of Sciences and Technology. All Rights Reserved.